000 01199nam a2200241Ia 4500
003 Ost
005 20260507075206.0
008 260507s9999||||xx |||||||||||||| ||und||
020 _a71752499539
040 _cfsecg
041 _aara
082 _a330
100 _aجابر، وليد حيدر
_eمؤلف
245 0 _aطرق إدارة المرافق العامة، المؤسسة العامة و الخصخصة /
_c وليد حيدر جابر
260 _aبيروت:
_bمنشورات الحلبي الحقوقية,
_c2009
300 _a167 صفحة؛
_c24 سم
504 _aمراجع ص.157
520 _aالاسلوب التعاقدي ، ؟أسلوب الشركات ، المؤسسسة العامة بين القديم و الحاضر ، النظام القانوني للمؤسسات العامة ، المؤسسة العامة تجربة مشوهة ، ظاهرة الخصخصة : الخصخصة تحدي قانوني ، استراتيجي و مؤسساتي ، الخصخصة بين النظرية و الواقع .
653 _aالقطاع الخاص
653 _aالمؤسسات العامة
653 _aالمرافق العامة ــ ادارة
942 _cكتاب
999 _c43429
_d43429